| 000 | 00958cam a22003013a 4500 | ||
|---|---|---|---|
| 001 | 2669 | ||
| 003 | PGUSA | ||
| 005 | 20140828083020.0 | ||
| 008 | 010601s2001||||xxu|||||s|||||000 | eng d | ||
| 040 |
_aPGUSA _beng |
||
| 042 | _adc | ||
| 050 | 4 | _aD | |
| 050 | 4 | _aDD | |
| 100 | 1 |
_aTrenck, Friedrich, Freiherr von der, _d1726-1794 |
|
| 245 | 1 | 4 |
_aThe Life and Adventures of Baron Trenck, Volume 2 _h[electronic resource] / _cFriedrich, Freiherr von der Trenck |
| 260 |
_bProject Gutenberg, _c2001 |
||
| 506 | _aPublic domain in the USA. | ||
| 516 | _aElectronic text | ||
| 653 | _aAdventure and adventurers | ||
| 653 | _aEurope -- Biography -- Early works to 1800 | ||
| 653 | _aTrenck, Friedrich, Freiherr von der, 1726-1794 | ||
| 653 | _aAutobiographies | ||
| 700 | 1 |
_aMorley, Henry, _d1822-1894 |
|
| 700 | 1 |
_aHolcroft, Thomas, _d1745-1809 |
|
| 830 | 0 |
_aProject Gutenberg _v2669 |
|
| 856 | 4 | 0 | _uhttp://www.gutenberg.org/ebooks/2669 |
| 942 | _cEB | ||
| 999 |
_c232002 _d232002 |
||